Perang Dunia II, (Record no. 57795)
[ view plain ]
| 000 -LEADER | |
|---|---|
| fixed length control field | 00538cam a22002051 4500 |
| 001 - CONTROL NUMBER | |
| control field | sa 64003245 |
| 003 - CONTROL NUMBER IDENTIFIER | |
| control field | DLC |
| 005 - DATE AND TIME OF LATEST TRANSACTION | |
| control field | 20260227112016.0 |
| 008 - FIXED-LENGTH DATA ELEMENTS--GENERAL INFORMATION | |
| fixed length control field | 790209s1963 io 000 0 ind |
| 010 ## - LIBRARY OF CONGRESS CONTROL NUMBER | |
| LC control number | sa 64003245 |
| 035 ## - SYSTEM CONTROL NUMBER | |
| System control number | (OCoLC)4634543 |
| 040 ## - CATALOGING SOURCE | |
| Original cataloging agency | DLC |
| Transcribing agency | OAU |
| Modifying agency | DLC |
| 042 ## - AUTHENTICATION CODE | |
| Authentication code | premarc |
| 050 00 - LIBRARY OF CONGRESS CALL NUMBER | |
| Classification number | D743 |
| Item number | .A84 |
| 100 1# - MAIN ENTRY--PERSONAL NAME | |
| Personal name | Auwjong, Peng Koen. |
| 245 10 - TITLE STATEMENT | |
| Title | Perang Dunia II, |
| Remainder of title | bagian perang Eropah. |
| 260 ## - PUBLICATION, DISTRIBUTION, ETC. | |
| Place of publication, distribution, etc. | Djakarta, |
| Name of publisher, distributor, etc. | Saka Widya |
| Date of publication, distribution, etc. | [cover 1963]- |
| 300 ## - PHYSICAL DESCRIPTION | |
| Extent | v. |
| Other physical details | illus. |
| Dimensions | 21 cm. |
| 650 #0 - SUBJECT ADDED ENTRY--TOPICAL TERM | |
| Topical term or geographic name entry element | World War, 1939-1945. |
No items available.